Corporate Culture v praxi slovenských firiem

Význam fenoménu Corporate Culture aj v čase krízy a zhodnotenie úrovne Corporate Culture v podnikateľských subjektoch pôsobiacich na slovenskom trhu.

Gespeichert in:
Bibliographische Detailangaben
1. Verfasser: Belejová, Martina
Format: Buchkapitel
Sprache:Slowakisch
Schlagworte:
Tags: Tag hinzufügen
Keine Tags, Fügen Sie das erste Tag hinzu!

MARC

LEADER 00000nla$a2200000$$$4500
001 0147409
005 20240502072649.6
041 0 |a slo 
044 |a SK 
245 1 0 |a Corporate Culture v praxi slovenských firiem  |c Martina Belejová 
520 |a Význam fenoménu Corporate Culture aj v čase krízy a zhodnotenie úrovne Corporate Culture v podnikateľských subjektoch pôsobiacich na slovenskom trhu. 
610 2 0 |a firmy 
610 2 0 |a kultúra podniková 
610 2 0 |a kultúra podnikania 
610 2 0 |a Slovensko 
100 1 |a Belejová, Martina